[Event "8th EUR-ch (w)"]
[Site "Dresden GER"]
[Date "2007.04.03"]
[Round "1"]
[White "Apanaviciute, Kristina"]
[Black "Schuurman, Petra"]
[Result "0-1"]
[WhiteElo "2008"]
[BlackElo "2295"]
[EventDate "2007.04.03"]
[PlyCount "144"]

1.e4 c5 2.Nc3 Nc6 3.g3 g6 4.Bg2 Bg7 5.d3 d6 6.Be3 e5 7.Nd5 Nge7 8.Qd2 O-O 
9.Ne2 Nxd5 10.exd5 Nd4 11.O-O Nf5 12.Rab1 b5 13.b4 c4 14.dxc4 bxc4 15.a4 
Nxe3 16.Qxe3 f5 17.f4 Bb7 18.a5 Re8 19.Qd2 Qd7 20.b5 Rac8 21.a6 Ba8 22.Kh1
Rc5 23.fxe5 dxe5 24.b6 axb6 25.Rxb6 e4 26.d6 c3 27.Qe3 Rd5 28.Rfb1 Rxd6 
29.Rxd6 Qxd6 30.a7 Rc8 31.h3 Be5 32.Kh2 Qd2 33.Qb6 Qd6 34.Qe3 Qd8 35.Nf4 
Bd4 36.Qe2 Bxa7 37.Qa6 Bc5 38.Ne6 Qe8 39.Nxc5 Rxc5 40.Qa7 Rc8 41.Qd4 Qd8 
42.Qe5 Qd5 43.Qe7 Bc6 44.Rb6 Qf7 45.Qe5 Bd5 46.Rd6 Ba2 47.Qd4 Qf8 48.Rd7 
Be6 49.Rd6 Bf7 50.Rd7 Qg7 51.Qa7 Qf6 52.Qb7 Rd8 53.Rc7 e3 54.Re7 Qxe7 55.
Qxe7 Re8 56.Qxe8+ Bxe8 57.Bf1 Bc6 58.Be2 Kg7 59.Kg1 Kf6 60.Kf1 Ke5 61.h4 
Be4 62.Bd1 h6 63.Kg1 g5 64.hxg5 hxg5 65.Kf1 g4 66.Ke1 Bf3 67.Be2 Bxe2 68.
Kxe2 Ke4 69.Ke1 Kf3 70.Kf1 e2+ 71.Ke1 f4 72.gxf4 g3 0-1

[Event "8th EUR-ch (w)"]
[Site "Dresden GER"]
[Date "2007.04.03"]
[Round "1"]
[White "Mamedyarova, Turkan"]
[Black "Ziemann, Nadine"]
[Result "1-0"]
[WhiteElo "2293"]
[BlackElo "1989"]
[EventDate "2007.04.03"]
[PlyCount "79"]

1.e4 c5 2.c3 d5 3.exd5 Qxd5 4.d4 Nf6 5.Nf3 Bg4 6.dxc5 Qxd1+ 7.Kxd1 e5 8.
Be2 Bxf3 9.Bxf3 Nc6 10.Bxc6+ bxc6 11.b4 Ng4 12.Ke2 O-O-O 13.f3 Nf6 14.Bg5 
Be7 15.Bxf6 Bxf6 16.Nd2 Rd7 17.Nc4 Kc7 18.Rad1 Rxd1 19.Rxd1 e4 20.fxe4 
Bxc3 21.a3 Rd8 22.Rxd8 Kxd8 23.Kd3 Ba1 24.Nd6 f6 25.a4 a6 26.Kc4 Kd7 27.b5
axb5+ 28.axb5 Be5 29.bxc6+ Kxc6 30.Nf5 Bxh2 31.Nxg7 Bg1 32.Ne6 Be3 33.Nd4+
Kd7 34.Kd5 Bd2 35.c6+ Kc8 36.Ke6 Bc3 37.Nb5 Bb2 38.g4 Kd8 39.c7+ Kc8 40.
Kd6 1-0

[Event "8th EUR-ch (w)"]
[Site "Dresden GER"]
[Date "2007.04.03"]
[Round "1"]
[White "Foisor, Mihaela-Veronica"]
[Black "Muzychuk, Maria"]
[Result "0-1"]
[WhiteElo "1980"]
[BlackElo "2293"]
[EventDate "2007.04.03"]
[PlyCount "64"]

1.d4 Nf6 2.c4 d6 3.Nc3 e5 4.d5 Bf5 5.g3 c6 6.Bg2 cxd5 7.cxd5 Na6 8.e4 Bg6 
9.Qa4+ Qd7 10.Qxd7+ Nxd7 11.Be3 Ndc5 12.Bxc5 Nxc5 13.Rd1 f5 14.Nh3 Be7 15.
O-O fxe4 16.b4 Nd3 17.a3 Rc8 18.Nxe4 Nb2 19.Rc1 O-O 20.f4 Rc4 21.Rxc4 Nxc4
22.fxe5 Rxf1+ 23.Bxf1 Nxe5 24.Bg2 Nc4 25.a4 Nb6 26.Nc3 a6 27.Nf4 Bf6 28.
Nxg6 Bxc3 29.a5 Nc4 30.Ne7+ Kf7 31.Nc8 Bxb4 32.Bf1 Nxa5 0-1

[Event "8th EUR-ch (w)"]
[Site "Dresden GER"]
[Date "2007.04.03"]
[Round "1"]
[White "Jurgens, Vera"]
[Black "Brunello, Roberta"]
[Result "1-0"]
[WhiteElo "2290"]
[BlackElo "1953"]
[EventDate "2007.04.03"]
[PlyCount "71"]

1.d4 d5 2.c4 e6 3.Nc3 Nf6 4.cxd5 exd5 5.Bg5 Be7 6.e3 Nbd7 7.Qc2 c6 8.Bd3 
O-O 9.Nge2 Re8 10.O-O Nf8 11.f3 Nh5 12.Bxe7 Qxe7 13.e4 dxe4 14.fxe4 Be6 
15.Rae1 Rad8 16.e5 f6 17.Ne4 fxe5 18.dxe5 Rd5 19.Nd6 Rxe5 20.Nxe8 Qxe8 21.
Nd4 Bd5 22.Qf2 Rxe1 23.Rxe1 Qd7 24.Bf5 Qd6 25.Bc2 Qf4 26.Nf5 Qxf2+ 27.Kxf2
Nf6 28.Re7 Ne6 29.Rxb7 Bxa2 30.b3 Nd5 31.Rxa7 Nb4 32.Ne7+ Kf8 33.Nxc6 Nxc6
34.Rxa2 Nb4 35.Ra8+ Kf7 36.Bxh7 1-0

[Event "8th EUR-ch (w)"]
[Site "Dresden GER"]
[Date "2007.04.03"]
[Round "1"]
[White "Katte, Isabel"]
[Black "Ptacnikova, Lenka"]
[Result "0-1"]
[WhiteElo "1947"]
[BlackElo "2290"]
[EventDate "2007.04.03"]
[PlyCount "75"]

1.e4 c5 2.Nc3 e6 3.f4 d5 4.Bb5+ Bd7 5.Bxd7+ Qxd7 6.e5 Nc6 7.Nf3 Nge7 8.d3 
Nf5 9.O-O Be7 10.a3 O-O 11.g4 Nfd4 12.Ne2 Nxf3+ 13.Rxf3 f6 14.exf6 Bxf6 
15.Rh3 g6 16.Qe1 e5 17.f5 gxf5 18.g5 f4 19.Qh4 Qg7 20.Kh1 Bxg5 21.Qg4 Rf6 
22.Qf3 Qf7 23.Bd2 Rg6 24.Rg1 Re8 25.Nc3 Rd8 26.Ne2 Nd4 27.Nxd4 cxd4 28.Be1
Re8 29.Rh5 Bf6 30.Rxg6+ hxg6 31.Qg4 Kg7 32.Bh4 Bxh4 33.Rxh4 Qf5 34.Qg1 f3 
35.Qf2 Rf8 36.h3 Qg5 37.Rg4 Qe3 38.Qf1 0-1

[Event "8th EUR-ch (w)"]
[Site "Dresden GER"]
[Date "2007.04.03"]
[Round "1"]
[White "Klek, Hanna-Marie"]
[Black "Zakurdyaeva, Irina"]
[Result "0-1"]
[WhiteElo "1865"]
[BlackElo "2286"]
[EventDate "2007.04.03"]
[PlyCount "54"]

1.e4 c5 2.Nf3 Nc6 3.d4 cxd4 4.Nxd4 d6 5.Nc3 e6 6.Be3 Nf6 7.f3 Be7 8.Qd2 
O-O 9.O-O-O a6 10.g4 Qc7 11.h4 b5 12.h5 Nxd4 13.Bxd4 b4 14.Ne2 e5 15.Be3 
Be6 16.Kb1 Rfc8 17.g5 Nd7 18.Bh3 a5 19.g6 a4 20.Bxe6 fxe6 21.Nc1 h6 22.Rh2
Nf6 23.Bg1 d5 24.exd5 Nxd5 25.Nd3 a3 26.Qe1 axb2 27.Kxb2 Qa5 0-1

[Event "8th EUR-ch (w)"]
[Site "Dresden GER"]
[Date "2007.04.04"]
[Round "2"]
[White "Pokorna, Regina"]
[Black "Muzicuk, Anna"]
[Result "0-1"]
[WhiteElo "2343"]
[BlackElo "2474"]
[EventDate "2007.04.03"]
[PlyCount "170"]

1.e4 c5 2.Nf3 Nc6 3.d4 cxd4 4.Nxd4 Qb6 5.Nb3 Nf6 6.Nc3 e6 7.Bd3 a6 8.O-O 
Be7 9.a4 Qc7 10.f4 d6 11.Qf3 b6 12.e5 Nd7 13.exd6 Bxd6 14.Ne4 Be7 15.Ng5 
Nf6 16.Bd2 h6 17.Ne4 Bb7 18.Bc3 Nb4 19.Bxb4 Bxb4 20.Nxf6+ gxf6 21.Be4 
O-O-O 22.c3 Bc5+ 23.Kh1 f5 24.Bxb7+ Qxb7 25.Qe2 Rhg8 26.a5 Qe4 27.Qxe4 
fxe4 28.axb6 Bxb6 29.Rxa6 Kb7 30.Raa1 f5 31.g3 h5 32.Rad1 Rxd1 33.Rxd1 h4 
34.Kg2 hxg3 35.hxg3 Be3 36.Rf1 Kc6 37.Kh3 Rb8 38.Na5+ Kb5 39.b4 Rh8+ 40.
Kg2 Bd2 41.Nb3 Bxc3 42.Nc5 Rh6 43.Rb1 Rg6 44.Nd7 Bxb4 45.Ne5 Rg7 46.Rb2 
Kc5 47.Rc2+ Kd4 48.Rc8 Bd6 49.Rd8 Kc5 50.Rc8+ Kb5 51.Kf2 Bc5+ 52.Kg2 Be3 
53.Kh3 Bd4 54.Rb8+ Ka4 55.Nc4 Bf2 56.Nb2+ Ka5 57.Nc4+ Ka6 58.Rb3 Rc7 59.
Ne5 Bd4 60.g4 Bxe5 61.fxe5 Rh7+ 62.Kg3 Rg7 63.Rb8 Rxg4+ 64.Kf2 e3+ 65.Kxe3
Re4+ 66.Kf3 Rxe5 67.Kf4 Re4+ 68.Kg5 Ka7 69.Rb1 f4 70.Kg4 e5 71.Rb3 Ka6 72.
Kf3 Rc4 73.Kg4 Re4 74.Kf3 Re1 75.Rb8 Re3+ 76.Kg4 Ka5 77.Rb7 Ka4 78.Rb8 Ka3
79.Rb7 Rb3 80.Re7 Rg3+ 81.Kf5 Re3 82.Rb7 f3 83.Kg4 e4 84.Kg3 Re2 85.Rb8 
Ka2 0-1

[Event "8th EUR-ch (w)"]
[Site "Dresden GER"]
[Date "2007.04.04"]
[Round "2"]
[White "Khurtsidze, Nino"]
[Black "Calzetta Ruiz, Monica"]
[Result "1/2-1/2"]
[WhiteElo "2469"]
[BlackElo "2340"]
[EventDate "2007.04.03"]
[PlyCount "84"]

1.c4 c5 2.Nf3 Nf6 3.e3 g6 4.b3 Bg7 5.Bb2 O-O 6.d4 cxd4 7.Nxd4 Nc6 8.Be2 d5
9.Nxc6 bxc6 10.O-O Be6 11.Nd2 Qa5 12.Qc1 Rac8 13.Bc3 Qc7 14.Nf3 Ne4 15.
Bxg7 Kxg7 16.cxd5 cxd5 17.Ba6 Qxc1 18.Rfxc1 Rc3 19.Nd4 Bc8 20.Bf1 Bb7 21.
f3 Rfc8 22.Ne2 Rxc1 23.Rxc1 Rxc1 24.Nxc1 Nc3 25.Kf2 Nd1+ 26.Ke2 Ba6+ 27.
Kxd1 Bxf1 28.g3 e5 29.Ke1 Ba6 30.Kd2 f6 31.Nd3 Kf7 32.Nc5 Bc8 33.Kc3 Ke7 
34.Kb4 Kd6 35.Kb5 Bh3 36.Nb7+ Kc7 37.Na5 Bg2 38.f4 Kd6 39.Nb7+ Kc7 40.Na5 
Kd8 41.Nb7+ Kc7 42.Na5 Kd6 1/2-1/2

[Event "8th EUR-ch (w)"]
[Site "Dresden GER"]
[Date "2007.04.04"]
[Round "2"]
[White "Khukhashvili, Sopiko"]
[Black "Lahno, Kateryna"]
[Result "1/2-1/2"]
[WhiteElo "2334"]
[BlackElo "2467"]
[EventDate "2007.04.03"]
[PlyCount "53"]

1.e4 e5 2.Nf3 Nc6 3.Nc3 Nf6 4.d4 exd4 5.Nxd4 Bb4 6.Nxc6 bxc6 7.Bd3 d5 8.
exd5 cxd5 9.O-O O-O 10.Bg5 c6 11.Na4 h6 12.Bh4 Be7 13.Re1 Rb8 14.a3 Re8 
15.h3 c5 16.c4 Be6 17.Qc2 Qa5 18.cxd5 Bxd5 19.Bc4 Bd6 20.Rxe8+ Rxe8 21.Bf1
Be4 22.Qc4 Bd5 23.Qc2 Be4 24.Qc4 Bd5 25.Qc2 Be4 26.Qc4 Bd5 27.Qc2 1/2-1/2

[Event "8th EUR-ch (w)"]
[Site "Dresden GER"]
[Date "2007.04.04"]
[Round "2"]
[White "Kosintseva, Tatiana"]
[Black "Zdebskaya, Natalia"]
[Result "1-0"]
[WhiteElo "2459"]
[BlackElo "2335"]
[EventDate "2007.04.03"]
[PlyCount "101"]

1.e4 c5 2.Nf3 d6 3.d4 cxd4 4.Nxd4 Nf6 5.Nc3 a6 6.Be3 e5 7.Nf3 Be7 8.Bc4 
O-O 9.O-O Nc6 10.a3 Be6 11.Ba2 Rc8 12.Bg5 b5 13.Bxf6 Bxf6 14.Nd5 Bg5 15.
Qd3 Kh8 16.Nb4 Be7 17.c3 Qb6 18.Nd5 Qb7 19.Rfd1 Rcd8 20.Ne3 Na5 21.Bd5 Qc7
22.b4 Nc4 23.Nxc4 bxc4 24.Qe3 Bxd5 25.Rxd5 f5 26.a4 fxe4 27.Qxe4 Rf4 28.
Qe3 Rdf8 29.Rad1 Qc8 30.Nd2 Qg4 31.f3 Qg6 32.Kh1 Rh4 33.Ne4 Rh6 34.b5 axb5
35.axb5 Qh5 36.h3 Qf5 37.Kh2 Rd8 38.b6 Qc8 39.Ra5 Qc6 40.Ra7 Bf8 41.Ng5 
Rb8 42.Nf7+ Kg8 43.Nxh6+ gxh6 44.Rb1 d5 45.Kh1 Qg6 46.Rb5 Bd6 47.Rxd5 Qb1+
48.Kh2 Qxb6 49.Qxb6 Rxb6 50.Rd7 Bb8 51.Rc5 1-0

[Event "8th EUR-ch (w)"]
[Site "Dresden GER"]
[Date "2007.04.04"]
[Round "2"]
[White "Repkova, Eva"]
[Black "Peng Zhaoqin"]
[Result "1-0"]
[WhiteElo "2328"]
[BlackElo "2439"]
[EventDate "2007.04.03"]
[PlyCount "99"]

1.e4 d5 2.exd5 Qxd5 3.Nf3 Nf6 4.d4 c6 5.c4 Qd8 6.Nc3 Bg4 7.Be2 e6 8.O-O 
Nbd7 9.Bf4 Be7 10.d5 exd5 11.cxd5 cxd5 12.Nxd5 Nxd5 13.Qxd5 Nc5 14.Bb5+ 
Kf8 15.Qe5 Ne6 16.Rfd1 Qb6 17.Be3 f6 18.Qd5 Bc5 19.Bxc5+ Nxc5 20.Rac1 Ne6 
21.Qd7 Bxf3 22.gxf3 Nc5 23.Qd5 Qxb5 24.Rxc5 Qe8 25.Rc7 h5 26.Rxb7 Rc8 27.
Rxa7 h4 28.Qd7 Qxd7 29.Raxd7 Rh5 30.Rd8+ Rxd8 31.Rxd8+ Ke7 32.Rd4 h3 33.b4
f5 34.Kf1 Rg5 35.Rh4 Rg6 36.a4 Rc6 37.Ke2 Rc2+ 38.Ke3 Ra2 39.a5 Kd6 40.
Rxh3 g5 41.Rh5 Ke5 42.Rxg5 Ra3+ 43.Ke2 Rb3 44.a6 Rxb4 45.a7 Ra4 46.Rg7 Ra3
47.Rb7 Kf6 48.f4 Kg6 49.Kd2 Kh5 50.f3 1-0

[Event "8th EUR-ch (w)"]
[Site "Dresden GER"]
[Date "2007.04.04"]
[Round "2"]
[White "Arakhamia-Grant, Ketevan"]
[Black "Levushkina, Elena"]
[Result "1-0"]
[WhiteElo "2435"]
[BlackElo "2327"]
[EventDate "2007.04.03"]
[PlyCount "53"]

1.e4 e5 2.Nf3 Nf6 3.Nxe5 d6 4.Nf3 Nxe4 5.Nc3 Nxc3 6.dxc3 Be7 7.Be3 Nc6 8.
Qd2 O-O 9.O-O-O Ne5 10.Kb1 Be6 11.Nd4 Nc4 12.Qd3 Nxe3 13.Nxe6 fxe6 14.Qxe3
e5 15.Bd3 c6 16.h4 Qe8 17.h5 Rf6 18.Qe4 Rh6 19.f4 Bf6 20.g4 exf4 21.Qxf4 
Qe5 22.Qb4 b5 23.Rhe1 Qc5 24.Qe4 Rf8 25.Qe6+ Kh8 26.Qf7 d5 27.Re8 1-0

[Event "8th EUR-ch (w)"]
[Site "Dresden GER"]
[Date "2007.04.04"]
[Round "2"]
[White "Javakhishvili, Lela"]
[Black "Sharevich, Anna"]
[Result "1-0"]
[WhiteElo "2425"]
[BlackElo "2323"]
[EventDate "2007.04.03"]
[PlyCount "117"]

1.d4 d5 2.c4 e6 3.Nc3 Be7 4.Nf3 Nf6 5.Bg5 h6 6.Bh4 O-O 7.e3 b6 8.Bd3 Bb7 
9.O-O c5 10.dxc5 bxc5 11.cxd5 exd5 12.Rc1 Nbd7 13.Bf5 Nb6 14.Bg3 g6 15.Bh3
Nh5 16.Be5 f6 17.Bg3 Nxg3 18.hxg3 Kg7 19.Ne2 Bd6 20.Nf4 Bxf4 21.gxf4 Qe7 
22.Qc2 c4 23.f5 g5 24.Nd4 Kh7 25.Ne6 Rg8 26.Bg4 Nd7 27.b3 Ne5 28.Be2 Rac8 
29.Qb2 g4 30.Qd4 Qf7 31.Nf4 Rg5 32.bxc4 dxc4 33.e4 Rgg8 34.Rc3 Rgd8 35.Qe3
Ba8 36.Rfc1 Rd6 37.Ra3 a6 38.Ra5 Qc7 39.Rxe5 fxe5 40.Rxc4 Qb7 41.Rxc8 Qxc8
42.Ne6 Qb7 43.Qc5 Qb8 44.Bf1 Rxe6 45.fxe6 Bxe4 46.Qe7+ Kg6 47.Qf7+ Kg5 48.
Qg7+ Kh5 49.Be2 Qb1+ 50.Kh2 Bg6 51.Qxe5+ Qf5 52.Qxf5+ Bxf5 53.e7 Bd7 54.
Bxa6 Kg5 55.Be2 h5 56.Bd1 h4 57.a4 Kf6 58.a5 Kxe7 59.a6 1-0

[Event "8th EUR-ch (w)"]
[Site "Dresden GER"]
[Date "2007.04.04"]
[Round "2"]
[White "Benderac, Ana"]
[Black "Danielian, Elina"]
[Result "0-1"]
[WhiteElo "2314"]
[BlackElo "2424"]
[EventDate "2007.04.03"]
[PlyCount "76"]

1.d4 d5 2.Nf3 Nf6 3.c4 dxc4 4.Nc3 a6 5.e4 b5 6.e5 Nd5 7.a4 Nxc3 8.bxc3 Qd5
9.Be2 Bb7 10.Ba3 g6 11.O-O Bg7 12.Ne1 Qd7 13.Qb1 O-O 14.Bxc4 bxc4 15.Qxb7 
Nc6 16.Qb2 Rab8 17.Qe2 Na5 18.Bb4 Nb3 19.Rd1 c5 20.Bxc5 Nxc5 21.dxc5 Qxa4 
22.Rd4 Qb5 23.Nf3 Rfc8 24.Rfd1 Qxc5 25.Rd5 Qb6 26.Rd7 Qe6 27.Qe3 h6 28.Qa7
Bf8 29.h4 Qb6 30.Ra1 Qxa7 31.Rxa7 Rb3 32.e6 fxe6 33.R1xa6 Rxc3 34.Ne5 Rc1+
35.Kh2 c3 36.Ra8 Rxa8 37.Rxa8 c2 38.Rc8 Re1 0-1

[Event "8th EUR-ch (w)"]
[Site "Dresden GER"]
[Date "2007.04.04"]
[Round "2"]
[White "Rudolf, Anna"]
[Black "Jackova, Jana"]
[Result "0-1"]
[WhiteElo "2301"]
[BlackElo "2423"]
[EventDate "2007.04.03"]
[PlyCount "92"]

1.e4 e5 2.Nf3 Nc6 3.Bc4 Bc5 4.c3 Nf6 5.d3 d6 6.h3 a6 7.Bb3 Ba7 8.Nbd2 O-O 
9.O-O Ne7 10.Re1 Ng6 11.Nf1 h6 12.Ng3 Nh7 13.d4 Qf6 14.Nh4 Qe7 15.Be3 Ng5 
16.Bc2 Be6 17.Qe2 c6 18.Rad1 b5 19.b3 c5 20.Nf3 Qf6 21.Nxg5 hxg5 22.dxe5 
dxe5 23.Rd6 Nf4 24.Qf1 g4 25.hxg4 Qh4 26.Rxa6 g6 27.Ne2 Qxg4 28.f3 Qg5 29.
Nxf4 exf4 30.Bf2 Bc8 31.Rc6 Qe5 32.Qxb5 Qxc3 33.Qc4 Qg7 34.Bxc5 Be6 35.
Rxe6 Bxc5+ 36.Qxc5 fxe6 37.Qb6 Qe5 38.b4 Rfb8 39.Qc6 Rc8 40.Qb7 Qd4+ 41.
Kh1 Rab8 42.Qe7 Rxc2 43.Qxe6+ Kh7 44.e5 Rc7 45.a3 Rh8 46.g4 Kg7+ 0-1

[Event "8th EUR-ch (w)"]
[Site "Dresden GER"]
[Date "2007.04.04"]
[Round "2"]
[White "Peptan, Corina-Isabela"]
[Black "Burtasova, Anna"]
[Result "1-0"]
[WhiteElo "2422"]
[BlackElo "2314"]
[EventDate "2007.04.03"]
[PlyCount "107"]

1.e4 e5 2.Nf3 Nf6 3.d4 Nxe4 4.Bd3 d5 5.Nxe5 Nd7 6.Nxd7 Bxd7 7.O-O Bd6 8.c4
c6 9.Nc3 O-O 10.cxd5 cxd5 11.Nxd5 f5 12.h3 Bc6 13.Nf4 Bxf4 14.Bc4+ Kh8 15.
Bxf4 Qh4 16.Be5 Ng5 17.f3 f4 18.Qe1 Qh6 19.Rf2 Rae8 20.Bf1 Re6 21.Qb4 Rfe8
22.Qd2 Rg6 23.Kh1 Ne6 24.Re1 Qh4 25.Bd3 Rg3 26.Be4 Bd7 27.Bf5 Rf8 28.Bg4 
h5 29.Bxe6 Bxe6 30.Bxg7+ Kxg7 31.Rxe6 Rxh3+ 32.gxh3 Qxh3+ 33.Kg1 Qxe6 34.
d5 Qe3 35.d6 Qxd2 36.Rxd2 Kf6 37.Kh2 Ke6 38.d7 Rd8 39.Kh3 a5 40.Kh4 Rxd7 
41.Rxd7 Kxd7 42.Kxh5 Ke6 43.Kg5 Ke5 44.a4 b6 45.Kg4 Kd4 46.Kxf4 Kc4 47.Ke5
b5 48.axb5 Kxb5 49.f4 Kb4 50.f5 Kb3 51.f6 Kxb2 52.f7 a4 53.f8=Q a3 54.Qb4+
1-0

[Event "8th EUR-ch (w)"]
[Site "Dresden GER"]
[Date "2007.04.04"]
[Round "2"]
[White "Schuurman, Petra"]
[Black "Pogonina, Natalia"]
[Result "1/2-1/2"]
[WhiteElo "2295"]
[BlackElo "2419"]
[EventDate "2007.04.03"]
[PlyCount "72"]

1.Nf3 c5 2.c4 Nc6 3.d4 cxd4 4.Nxd4 Nf6 5.Nc3 g6 6.e4 d6 7.Be2 Nxd4 8.Qxd4 
Bg7 9.Bg5 O-O 10.Qd2 Be6 11.Rc1 Qa5 12.f3 Rfc8 13.b3 a6 14.Na4 Qxd2+ 15.
Kxd2 Nd7 16.g4 f6 17.Be3 f5 18.exf5 gxf5 19.h3 Rf8 20.f4 Rad8 21.Nc3 d5 
22.cxd5 Nf6 23.gxf5 Bxd5 24.Nxd5 Nxd5 25.Bc4 b5 26.Bxd5+ Rxd5+ 27.Ke2 
Rdxf5 28.Rhg1 Kf7 29.Rc6 Rf6 30.Rgc1 Rd8 31.Rxf6+ Bxf6 32.Kf3 Rd6 33.Ke4 
Re6+ 34.Kf3 Rd6 35.Ke4 Re6+ 36.Kf3 Rd6 1/2-1/2

[Event "8th EUR-ch (w)"]
[Site "Dresden GER"]
[Date "2007.04.04"]
[Round "2"]
[White "Muzychuk, Maria"]
[Black "Rajlich, Iweta"]
[Result "1/2-1/2"]
[WhiteElo "2293"]
[BlackElo "2408"]
[EventDate "2007.04.03"]
[PlyCount "63"]

1.e4 e6 2.d4 d5 3.exd5 exd5 4.Nf3 Be6 5.Bd3 Nc6 6.Bf4 Bd6 7.Qd2 Nf6 8.Nc3 
Nh5 9.Bxd6 Qxd6 10.O-O O-O-O 11.Rfe1 Qf4 12.Qe3 h6 13.a3 g5 14.Ne2 Qxe3 
15.fxe3 Ng7 16.Rac1 Nf5 17.Kf2 Nd6 18.b3 Rhe8 19.Ng3 f5 20.c4 Ne4+ 21.Kg1 
Rf8 22.c5 a5 23.Bb5 g4 24.Nh4 f4 25.Nxe4 dxe4 26.Ng6 f3 27.Nxf8 Rxf8 28.
Kf2 Ne7 29.Bc4 Nd5 30.g3 Kd7 31.Bxd5 Bxd5 32.b4 1/2-1/2

[Event "8th EUR-ch (w)"]
[Site "Dresden GER"]
[Date "2007.04.04"]
[Round "2"]
[White "Bojkovic, Natasa"]
[Black "Fakhiridou, Ekaterini"]
[Result "1-0"]
[WhiteElo "2408"]
[BlackElo "2299"]
[EventDate "2007.04.03"]
[PlyCount "101"]

1.e4 c5 2.Nf3 d6 3.d4 cxd4 4.Nxd4 Nf6 5.Nc3 a6 6.Be2 e5 7.Nb3 Be7 8.O-O 
O-O 9.a4 b6 10.Bg5 Nbd7 11.Bc4 Bb7 12.Qd3 Qc7 13.Bxf6 Nxf6 14.Nd2 Rfd8 15.
Rfe1 Qc5 16.Bb3 Bf8 17.Nf1 Rac8 18.Rad1 b5 19.axb5 axb5 20.Ne3 g6 21.g3 
Bh6 22.Ned5 Nxd5 23.Nxd5 Bxd5 24.Qxd5 Rd7 25.Qd3 Bg5 26.Qe2 Qc6 27.Bd5 Qc7
28.Qxb5 Rb8 29.Qa4 Rxb2 30.Bb3 Kg7 31.Qa1 Rxc2 32.Bxc2 Qxc2 33.Rd5 Be7 34.
Qb1 Qc8 35.Rc1 Rc7 36.Rxc7 Qxc7 37.Rb5 Qc3 38.Rb7 Bf8 39.Kg2 Qd4 40.Rd7 
Qa4 41.Qb7 Qa2 42.Qd5 Qxd5 43.exd5 h5 44.h3 e4 45.g4 hxg4 46.hxg4 Kf6 47.
f4 exf3+ 48.Kxf3 Bh6 49.Ke4 Bf8 50.Ke3 Ke5 51.g5 1-0

[Event "8th EUR-ch (w)"]
[Site "Dresden GER"]
[Date "2007.04.04"]
[Round "2"]
[White "Collas, Silvia"]
[Black "Mamedyarova, Turkan"]
[Result "1/2-1/2"]
[WhiteElo "2401"]
[BlackElo "2293"]
[EventDate "2007.04.03"]
[PlyCount "25"]

1.e4 e5 2.Nf3 d6 3.d4 exd4 4.Nxd4 Nf6 5.Nc3 Be7 6.Bf4 O-O 7.Qd2 Nc6 8.Be2 
Nxd4 9.Qxd4 Bg4 10.f3 Be6 11.O-O c5 12.Qd2 d5 13.exd5 1/2-1/2

[Event "8th EUR-ch (w)"]
[Site "Dresden GER"]
[Date "2007.04.04"]
[Round "2"]
[White "Ptacnikova, Lenka"]
[Black "Foisor, Cristina"]
[Result "0-1"]
[WhiteElo "2290"]
[BlackElo "2384"]
[EventDate "2007.04.03"]
[PlyCount "108"]

1.Nf3 Nf6 2.g3 g6 3.Bg2 Bg7 4.O-O O-O 5.c4 c6 6.d4 d6 7.Nc3 Bf5 8.Nh4 Be6 
9.d5 cxd5 10.cxd5 Bd7 11.Be3 Qa5 12.a3 Rc8 13.b4 Qd8 14.Bd4 Na6 15.Qd3 Qf8
16.h3 Ne8 17.Nf3 Nac7 18.Rac1 Bxd4 19.Nxd4 Qh6 20.h4 Nf6 21.e3 Ng4 22.Nf3 
Ne8 23.Ne2 Qg7 24.Ned4 Nef6 25.Nd2 Qf8 26.e4 Qe8 27.N2b3 Ne5 28.Qe2 Rxc1 
29.Rxc1 Rc8 30.Qf1 Nfg4 31.Bh3 Rxc1 32.Nxc1 Qc8 33.Ncb3 Qc3 34.Kg2 Nd3 35.
Bxg4 Bxg4 36.Kg1 Ne5 37.Qc1 Nf3+ 38.Nxf3 Qxc1+ 39.Nxc1 Bxf3 40.Na2 Bxe4 
41.Nc3 Bf3 42.Kf1 Kg7 43.Ke1 Kf6 44.Kd2 Ke5 45.Ke3 Bxd5 46.f4+ Ke6 47.Nb5 
Kd7 48.Nxa7 Bc4 49.Kd4 Bf1 50.b5 f6 51.a4 e5+ 52.Kd5 Bg2+ 53.Kc4 d5+ 54.
Kc5 d4 0-1

[Event "8th EUR-ch (w)"]
[Site "Dresden GER"]
[Date "2007.04.04"]
[Round "2"]
[White "Ovod, Evgenia"]
[Black "Jurgens, Vera"]
[Result "0-1"]
[WhiteElo "2384"]
[BlackElo "2290"]
[EventDate "2007.04.03"]
[PlyCount "96"]

1.e4 e5 2.Nf3 d6 3.d4 Nd7 4.Bc4 c6 5.O-O Be7 6.a4 Ngf6 7.Nc3 O-O 8.Re1 Qc7
9.h3 b6 10.Bg5 a6 11.Ba2 Bb7 12.Nh4 g6 13.f4 exd4 14.Qxd4 d5 15.Qd2 d4 16.
Nd1 Nc5 17.Nf2 Rad8 18.e5 Nd5 19.f5 Rfe8 20.Ng4 Ne3 21.Nh6+ Kf8 22.f6 Ne4 
23.fxe7+ Rxe7 24.Bxe7+ Qxe7 25.Qe2 Qxh4 26.Qf3 Ng5 27.Qf2 Qxf2+ 28.Kxf2 
Nxc2 29.h4 Nxe1 30.hxg5 Nd3+ 31.Kg3 Nxe5 32.Re1 Re8 33.Rf1 Re7 34.Rf6 b5 
35.axb5 axb5 36.b4 Bc8 37.Rd6 Rd7 38.Rf6 d3 39.Kf4 Nc4 40.Rxc6 Bb7 41.Rf6 
d2 42.Bb3 Rd4+ 43.Kg3 Rd3+ 44.Kh4 Rxb3 45.Rxf7+ Ke8 46.Rf1 Ne3 47.Nf7 Nxf1
48.g4 Bg2 0-1

[Event "8th EUR-ch (w)"]
[Site "Dresden GER"]
[Date "2007.04.04"]
[Round "2"]
[White "Houska, Jovanka"]
[Black "Petrenko, Svetlana"]
[Result "1-0"]
[WhiteElo "2381"]
[BlackElo "2289"]
[EventDate "2007.04.03"]
[PlyCount "53"]

1.e4 g6 2.d4 Bg7 3.Nc3 d6 4.Be3 a6 5.Qd2 b5 6.h4 h5 7.Nh3 Bb7 8.f3 Nd7 9.
O-O-O Nb6 10.Ng5 Nf6 11.Bd3 e6 12.Kb1 Nfd7 13.f4 b4 14.Ne2 c5 15.dxc5 dxc5
16.f5 gxf5 17.exf5 e5 18.Be4 Qc7 19.Bxb7 Qxb7 20.Ng3 Nc4 21.Qd3 Nxe3 22.
Qxe3 f6 23.N3e4 Bf8 24.Ne6 Be7 25.Qg3 Nf8 26.Nd6+ Bxd6 27.Rxd6 1-0

[Event "8th EUR-ch (w)"]
[Site "Dresden GER"]
[Date "2007.04.04"]
[Round "2"]
[White "Umudova, Nargiz"]
[Black "Vasilevich, Irina"]
[Result "0-1"]
[WhiteElo "2198"]
[BlackElo "2380"]
[EventDate "2007.04.03"]
[PlyCount "74"]

1.e4 c5 2.Nf3 e6 3.d3 Nc6 4.g3 Nf6 5.Bg2 d5 6.Nbd2 Be7 7.O-O O-O 8.e5 Nd7 
9.Re1 b5 10.Nf1 b4 11.h4 a5 12.N1h2 Ba6 13.Bf4 a4 14.a3 bxa3 15.bxa3 Rb8 
16.Ng5 Nd4 17.Ra2 Qa5 18.Bd2 Qc7 19.Qh5 h6 20.Ngf3 Nxf3+ 21.Bxf3 Rfc8 22.
Bf4 c4 23.d4 Qa5 24.Rd1 c3 25.Ng4 Bf8 26.Ne3 Nb6 27.Qg4 Nc4 28.Bxh6 Nxe3 
29.fxe3 Rb2 30.h5 Kh8 31.Rxb2 cxb2 32.Bg5 Rxc2 33.e4 Qb6 34.h6 g6 35.h7 
b1=Q 36.Bf6+ Kxh7 37.Qh4+ Bh6 0-1

[Event "8th EUR-ch (w)"]
[Site "Dresden GER"]
[Date "2007.04.04"]
[Round "2"]
[White "Kachiani-Gersinska, Ketino"]
[Black "Nill, Jessica"]
[Result "1-0"]
[WhiteElo "2375"]
[BlackElo "2283"]
[EventDate "2007.04.03"]
[PlyCount "115"]

1.c4 c5 2.Nf3 Nc6 3.d4 cxd4 4.Nxd4 Nf6 5.Nc3 g6 6.e4 d6 7.Nc2 Bg7 8.Be2 
O-O 9.Be3 Be6 10.f3 Rc8 11.Rc1 Nd7 12.Na3 Nce5 13.Nd5 Nc5 14.O-O a5 15.Nb5
Bd7 16.Bg5 f6 17.Be3 Nf7 18.Qd2 b6 19.b3 Bxb5 20.cxb5 e6 21.Nf4 Qe7 22.Nd3
f5 23.exf5 gxf5 24.b4 axb4 25.Nxb4 Ra8 26.Rfd1 Rfe8 27.Na6 Rac8 28.Qb4 Qf6
29.a4 Qb2 30.Qxb2 Bxb2 31.Rc4 Bf6 32.Nxc5 dxc5 33.a5 bxa5 34.Rxc5 Rxc5 35.
Bxc5 Rc8 36.Ba7 Rd8 37.b6 Rxd1+ 38.Bxd1 Bd4+ 39.Kf1 Nd6 40.Bb8 Nb7 41.Bc7 
Kf7 42.g4 Nc5 43.Bc2 fxg4 44.fxg4 h6 45.Bf4 a4 46.Bxh6 a3 47.Bb1 Nb7 48.
Bc1 Bxb6 49.Bxa3 Bd4 50.h4 Nc5 51.Kg2 Nd7 52.g5 Be3 53.Bb2 Nf8 54.Kf3 Bd2 
55.Kg4 Be3 56.h5 Bd2 57.h6 Kg8 58.Kh5 1-0

[Event "8th EUR-ch (w)"]
[Site "Dresden GER"]
[Date "2007.04.04"]
[Round "2"]
[White "Atalik, Ekaterina"]
[Black "Cherednichenko, Svetlana"]
[Result "1-0"]
[WhiteElo "2374"]
[BlackElo "2280"]
[EventDate "2007.04.03"]
[PlyCount "90"]

1.d4 Nf6 2.c4 g6 3.Nf3 Bg7 4.g3 O-O 5.Bg2 d6 6.O-O Nbd7 7.Nc3 e5 8.e4 c6 
9.h3 a5 10.Be3 Re8 11.Rc1 exd4 12.Nxd4 Nc5 13.f3 Nh5 14.Bf2 Qb6 15.Nb3 Qc7
16.Qd2 Ne6 17.Ne2 a4 18.Nbd4 Qa5 19.Qxa5 Rxa5 20.Nxe6 Bxe6 21.g4 Nf6 22.
Rfd1 d5 23.exd5 cxd5 24.Nd4 Bd7 25.b4 axb3 26.axb3 dxc4 27.bxc4 Bh6 28.Rb1
Ba4 29.Re1 Rxe1+ 30.Rxe1 Bd7 31.Rb1 Ra4 32.Bf1 Bc8 33.Nb5 Bf4 34.Rd1 Be6 
35.Rd8+ Kg7 36.Bd4 Ra6 37.h4 h6 38.g5 hxg5 39.hxg5 Bg4 40.Nc7 Kh7 41.Nxa6 
bxa6 42.Ra8 Kg7 43.Rxa6 Kf8 44.c5 Ke7 45.Ra7+ Kd8 1-0

[Event "8th EUR-ch (w)"]
[Site "Dresden GER"]
[Date "2007.04.04"]
[Round "2"]
[White "Vozovic, Oksana"]
[Black "Srebrnic, Ana"]
[Result "1-0"]
[WhiteElo "2356"]
[BlackElo "2262"]
[EventDate "2007.04.03"]
[PlyCount "140"]

1.d4 Nf6 2.e3 g6 3.Bd3 Bg7 4.f4 O-O 5.Nf3 d6 6.O-O c5 7.Qe1 Nc6 8.f5 Bxf5 
9.Bxf5 gxf5 10.Nc3 Ne4 11.Ne2 d5 12.c3 e6 13.Nf4 Ne7 14.Nh5 Bh8 15.Kh1 Ng6
16.Bd2 Rc8 17.Qe2 h6 18.Rg1 Kh7 19.Raf1 Qe7 20.Be1 a6 21.g4 fxg4 22.Rxg4 
f5 23.Rg2 Rg8 24.Rfg1 Bf6 25.Qf1 Bg5 26.Re2 b5 27.Qh3 Nf8 28.Reg2 Nd7 29.
Bh4 Bxh4 30.Nxh4 Ng5 31.Qg3 Nf6 32.Nf4 Nfe4 33.Qe1 cxd4 34.exd4 Qd6 35.Qe3
a5 36.Nf3 Nxf3 37.Qxf3 Qe7 38.Rxg8 Rxg8 39.Rxg8 Kxg8 40.Qg2+ Qg7 41.Nxe6 
Qxg2+ 42.Kxg2 b4 43.cxb4 axb4 44.Nc7 Nc3 45.Kf3 Nxa2 46.Nxd5 Kf7 47.Ke3 b3
48.Kd3 Nc1+ 49.Kd2 Na2 50.Nf4 Ke7 51.Kd3 Nc1+ 52.Kc4 Kd6 53.h4 Kc6 54.h5 
Kd6 55.Kb5 Na2 56.Ka4 Nc1 57.Ka3 Kc6 58.Kb4 Kd6 59.Kc4 Kc6 60.d5+ Kc7 61.
Kc5 Kd7 62.d6 Na2 63.Nd3 f4 64.Kd5 Kd8 65.Ke6 f3 66.d7 f2 67.Nxf2 Nb4 68.
Ng4 Na6 69.Ne5 Nc5+ 70.Kd6 Nb7+ 1-0